=LDR 00000nam 2200000 4500 =001 INLIS000000000053033 =005 20180327092830 =035 ##$$a 0010-0318000260 =007 ta =008 180327###########################0###### =020 ##$$a 978-979-29-6734-0 =082 ##$$a 770 =084 ##$$a 770 SUG p =100 #$$a Sugianto M. =245 1#$$a Photopreneurship : $b Mendulang dolar melalui foto /$c Sugianto M. =250 ##$$a Cet.1 =260 ##$$a Yogyakarta :$b Andi,$c 2017 =300 ##$$a 468 hlm : $b ilus ; $c 23 cm =650 ##$$a Photographi =700 #$$a Marcella Kika =700 #$$a Giovany =504 ##$$a Bibliografi : hlm. 459-467 =990 ##$$a 64936493 =990 ##$$a 64936493 =990 ##$$a 64936493 =990 ##$$a 64936493 =990 ##$$a 64936493 =990 ##$$a 21710431 =990 ##$$a 01201806493 =990 ##$$a 01201806494 =990 ##$$a 01201806495 =990 ##$$a 01201806496 =990 ##$$a 21710432 =990 ##$$a 01201806493 =990 ##$$a 01201806494 =990 ##$$a 01201806495 =990 ##$$a 21710431 =990 ##$$a 21710433 =990 ##$$a 01201806493 =990 ##$$a 01201806494 =990 ##$$a 21710432 =990 ##$$a 21710431 =990 ##$$a 21710434 =990 ##$$a 01201806493 =990 ##$$a 21710433 =990 ##$$a 21710432 =990 ##$$a 21710431 =990 ##$$a 21710435 =990 ##$$a 21710434 =990 ##$$a 21710433 =990 ##$$a 21710432 =990 ##$$a 21710431